[Event "Mistrzostwa Woj. Podkarpackiego w szacha"]
[Site "Pstragowa"]
[Date "2015.??.??"]
[Round "4.1"]
[White "Pulik, Krzysztof"]
[Black "Mis, Mieszko"]
[Result "1-0"]
[WhiteElo "2117"]
[BlackElo "1819"]
[PlyCount "83"]
[EventDate "2015.??.??"]

1. e4 e6 2. d4 d5 3. exd5 exd5 4. Bd3 Bd6 5. Nc3 Ne7 6. Nb5 Nbc6 7. c3 a6 8.
Nxd6+ Qxd6 9. Qf3 Ng6 10. Ne2 Be6 11. h4 O-O-O 12. h5 Nge7 13. h6 g6 14. Bg5
Kb8 15. b4 Rde8 16. O-O f6 17. Bf4 Qd7 18. Bh2 Bg4 19. Qxf6 Rhf8 20. Qg5 Bxe2
21. Bxe2 Rf5 22. Qg3 Qd8 23. Bg4 Rg5 24. Qh3 Nf5 25. Bf4 Nxh6 26. Bxg5 Qxg5 27.
Bf3 Nf5 28. Rfe1 Rf8 29. Bxd5 Nfxd4 30. Bxc6 Nxc6 31. Re3 Ne5 32. Rae1 Ng4 33.
R3e2 h5 34. f3 Nh6 35. Qd7 Rd8 36. Re8 Rxe8 37. Rxe8+ Ka7 38. Qd4+ b6 39. Qe4
Qc1+ 40. Kh2 b5 41. Ra8+ Kb6 42. Rb8+ 1-0

[Event "Mistrzostwa Woj. Podkarpackiego w szacha"]
[Site "Pstragowa"]
[Date "2015.??.??"]
[Round "4.2"]
[White "Gaj, Szymon"]
[Black "Babiarz, Mariusz"]
[Result "1-0"]
[WhiteElo "1753"]
[BlackElo "1912"]
[PlyCount "65"]
[EventDate "2015.??.??"]

1. d4 d5 2. c4 dxc4 3. e3 e6 4. Bxc4 a6 5. Nf3 b5 6. Bd3 Bb7 7. O-O c5 8. a4 b4
9. dxc5 Bxc5 10. Be2 Nd7 11. b3 Ngf6 12. Bb2 O-O 13. Nbd2 Qe7 14. Nc4 Bd5 15.
Nfd2 e5 16. Rc1 Rac8 17. Nf3 Rfd8 18. Qe1 Ne4 19. Rd1 Nb6 20. Nfxe5 Nc3 21.
Bxc3 bxc3 22. Qxc3 Bd6 23. Qb2 Nxc4 24. Nxc4 Bxh2+ 25. Kxh2 Qh4+ 26. Kg1 Bxg2
27. Kxg2 Qg5+ 28. Kh3 Qh6+ 29. Kg3 Qg5+ 30. Bg4 h5 31. f3 hxg4 32. Qe5 Qh6 33.
Rh1 1-0

[Event "Mistrzostwa Woj. Podkarpackiego w szacha"]
[Site "Pstragowa"]
[Date "2015.??.??"]
[Round "4.3"]
[White "Kucharski, Bartlomiej"]
[Black "Swiech, Joanna"]
[Result "1/2-1/2"]
[WhiteElo "1454"]
[BlackElo "1729"]
[PlyCount "59"]
[EventDate "2015.??.??"]

1. e4 c6 2. d4 d5 3. exd5 cxd5 4. c4 Nf6 5. Nc3 Bg4 6. Be2 Bxe2 7. Qxe2 Nc6 8.
Nf3 e6 9. a3 dxc4 10. Qxc4 Be7 11. Be3 O-O 12. b4 Rc8 13. Qb3 b6 14. O-O Nd5
15. Nxd5 Qxd5 16. Qxd5 exd5 17. Rac1 Bf6 18. Rc2 Ne7 19. Rfc1 Rxc2 20. Rxc2 Rc8
21. Rxc8+ Nxc8 22. Bf4 Kf8 23. Kf1 Ke7 24. Ke2 Kd7 25. Kd3 Kc6 26. Kc3 Kd7 27.
Kd3 Kc6 28. Kc3 Kd7 29. Kd3 Kc6 30. Kc3 1/2-1/2

[Event "Mistrzostwa Woj. Podkarpackiego w szacha"]
[Site "Pstragowa"]
[Date "2015.??.??"]
[Round "4.4"]
[White "Nowakowski, Jacek"]
[Black "Wasik, Roman"]
[Result "1-0"]
[WhiteElo "1677"]
[BlackElo "1551"]
[PlyCount "67"]
[EventDate "2015.??.??"]

1. c4 d6 2. Nc3 Nf6 3. g3 g6 4. Bg2 Bg7 5. e3 O-O 6. Nge2 c5 7. d4 cxd4 8. exd4
Nc6 9. O-O a6 10. Re1 Rb8 11. b3 Bf5 12. a3 Qb6 13. b4 Ng4 14. Nd5 Qa7 15. Bb2
e5 16. h3 Nxf2 17. Kxf2 Nxd4 18. Nxd4 Rfe8 19. Kf1 exd4 20. Ne7+ Kh8 21. Nxf5
gxf5 22. Qh5 b5 23. Qxf5 Be5 24. Be4 f6 25. Rad1 Re7 26. cxb5 axb5 27. Rc1 Qd7
28. Qxd7 Rxd7 29. Red1 Bxg3 30. Bxd4 Be5 31. Rc6 Rf7 32. Ke2 Rff8 33. Bxe5 dxe5
34. Bf5 1-0

[Event "Mistrzostwa Woj. Podkarpackiego w szacha"]
[Site "Pstragowa"]
[Date "2015.??.??"]
[Round "4.5"]
[White "Babiarz, Arkadiusz"]
[Black "Czopor, Maciej"]
[Result "0-1"]
[WhiteElo "1471"]
[BlackElo "1714"]
[PlyCount "64"]
[EventDate "2015.??.??"]

1. e4 g6 2. d4 Bg7 3. Nf3 d6 4. Bc4 Nf6 5. Nc3 O-O 6. Qd3 Bg4 7. h3 Bxf3 8.
Qxf3 Nc6 9. Be3 e5 10. d5 Nd4 11. Qd1 b5 12. Nxb5 Nxb5 13. Bxb5 Nxe4 14. Bc6
Rb8 15. Bxa7 Rxb2 16. Qd3 Nc5 17. Bxc5 dxc5 18. Qc3 Qb8 19. O-O Qb6 20. Qd3 e4
21. Qa3 Rxc2 22. Qa4 Rxf2 23. Rfb1 Rb2 24. Qxe4 c4+ 25. Kh1 c3 26. Rxb2 Qxb2
27. Rb1 c2 28. Rxb2 c1=Q+ 29. Kh2 Qxb2 30. a4 Be5+ 31. Kh1 Qa1+ 32. Qb1 Qxb1#
0-1

[Event "Mistrzostwa Woj. Podkarpackiego w szacha"]
[Site "Pstragowa"]
[Date "2015.??.??"]
[Round "4.8"]
[White "Czernikowska, Laura"]
[Black "Kozak, Antoni"]
[Result "1/2-1/2"]
[WhiteElo "1175"]
[BlackElo "1440"]
[PlyCount "64"]
[EventDate "2015.??.??"]

1. d4 Nf6 2. c4 e6 3. Nf3 b6 4. Nc3 Bb4 5. a3 Bxc3+ 6. bxc3 O-O 7. Bg5 Ba6 8.
e3 d5 9. Ne5 dxc4 10. Bxf6 Qxf6 11. Bxc4 Bxc4 12. Nxc4 Nd7 13. O-O Rac8 14. Rc1
b5 15. Nb2 c5 16. Re1 a5 17. Qd2 Qe7 18. Ra1 Rc7 19. Rec1 Rfc8 20. Nd3 Qd6 21.
Qb2 Rb8 22. Rd1 f6 23. dxc5 Nxc5 24. Nf4 Qb6 25. Rac1 a4 26. h3 Nb3 27. Rc2 Qc6
28. Ne2 Rd7 29. Nd4 Qb6 30. Rb1 Nxd4 31. cxd4 Rdb7 32. Qb4 Rc7 1/2-1/2

[Event "Mistrzostwa Woj. Podkarpackiego w szacha"]
[Site "Pstragowa"]
[Date "2015.??.??"]
[Round "4.9"]
[White "Dzwierzynski, Bartosz"]
[Black "Stefanski, Adam"]
[Result "1-0"]
[WhiteElo "1411"]
[BlackElo "1313"]
[PlyCount "90"]
[EventDate "2015.??.??"]

1. d4 Nf6 2. c4 e6 3. Nc3 Bb4 4. f3 d5 5. a3 Bxc3+ 6. bxc3 O-O 7. e3 b6 8. cxd5
exd5 9. Bd3 c6 10. Ne2 Be6 11. O-O Qc8 12. Ng3 Re8 13. Ra2 Nbd7 14. Raf2 Nf8
15. e4 dxe4 16. fxe4 Ng4 17. Rb2 Ng6 18. Nf5 Bxf5 19. exf5 Nf6 20. fxg6 hxg6
21. Qf3 c5 22. d5 c4 23. Bb1 Qc5+ 24. Rbf2 Rf8 25. Rd1 Rad8 26. Kh1 Rxd5 27.
Rxd5 Qxd5 28. Qxd5 Nxd5 29. Bd2 Rd8 30. Bc2 Nc7 31. h3 Nb5 32. a4 Nc7 33. Be3
Re8 34. Bd4 Re1+ 35. Kh2 Re8 36. Kg3 Ne6 37. Re2 Rd8 38. Kf2 Re8 39. Bb1 Ng5
40. h4 Ne6 41. g3 Re7 42. Ba2 Rc7 43. Be3 Kf8 44. Bf4 Nxf4 45. gxf4 a6 1-0